| 000 | 00669nam a22002417a 4500 | ||
|---|---|---|---|
| 003 | UA-OsUOA | ||
| 001 | 39718 | ||
| 007 | ta | ||
| 008 | 20080516b un ||||| |||| 00| 0 ukr d | ||
| 100 | _aКульчицький С.В. | ||
| 090 |
_a327 _bК90 |
||
| 942 | _cBK | ||
| 040 |
_aUA-OsUOA _bukr _cUA-OsUOA _dUA-OsUOA |
||
| 245 | _aУкраїна і Росія: переваги і небезпеки "особливих відносин" | ||
| 300 | _a111 с. | ||
| 955 | _a1 | ||
| 041 | _aukr | ||
| 080 | _a327 | ||
| 260 |
_aК. _bІнститут історії України _c2004 |
||
| 246 | 3 | 1 | _aРоздуми історика |
| 650 | 7 | _2UDC | |
| 999 |
_c438227 _d438227 |
||